| 000 | 02158nam a2200421 i 4500 | ||
|---|---|---|---|
| 001 | ebr10828905 | ||
| 003 | CaPaEBR | ||
| 006 | m o d | ||
| 007 | cr cn||||||||| | ||
| 008 | 140131t20062006sz ad ob 101 0 eng|d | ||
| 020 | _z3908158079 | ||
| 020 | _z9783908158073 | ||
| 020 | _a9783038130994 (e-book) | ||
| 040 |
_aCaPaEBR _beng _erda _epn _cCaPaEBR |
||
| 035 | _a(OCoLC)872683749 | ||
| 050 | 1 | 4 |
_aTK7875 _b.I58 2006eb |
| 082 | 0 | 4 |
_a220 _223 |
| 111 | 2 |
_aInternational Sympsium "Disclosing Materials at the Nanoscale" _n(11th : _d2006 : _cAcireale, Italy), _jissuing body. |
|
| 245 | 1 | 0 |
_aDisclosing materials at the nanoscale : _bproceedings of the International Symposium "Disclosing Materials at the Nanoscale" of CIMTEC 2006 - 11th International Ceramics Congress and 4th Forum on New Materials, held in Acireale, Sicily, Italy on June 4-9, 2006 / _cedited by P. Vincenzini, World Academy of Ceramics and National Research Council, Italy, G. Marletta, University of Catania, Italy. |
| 264 | 1 |
_aStafa-Zuerich : _bTrans Tech Publications Limited on behalf of Techna Group, _c[2006] |
|
| 264 | 4 | _c�2006 | |
| 300 |
_a1 online resource (220 pages) : _billustrations (some color). |
||
| 336 |
_atext _2rdacontent |
||
| 337 |
_acomputer _2rdamedia |
||
| 338 |
_aonline resource _2rdacarrier |
||
| 490 | 1 |
_aAdvances in science and technology, _x1661-819X ; _vvolume 51 |
|
| 504 | _aIncludes bibliographical references and indexes. | ||
| 588 | _aDescription based on online resource; title from PDF title page (ebrary, viewed January 31, 2014). | ||
| 590 | _aElectronic reproduction. Palo Alto, Calif. : ebrary, 2014. Available via World Wide Web. Access may be limited to ebrary affiliated libraries. | ||
| 650 | 0 |
_aNanoelectromechanical systems _vCongresses. |
|
| 650 | 0 |
_aNanostructured materials _vCongresses. |
|
| 655 | 0 | _aElectronic books. | |
| 700 | 1 | _aVincenzini, P. | |
| 700 | 1 | _aMarletta, G. | |
| 797 | 2 | _aebrary. | |
| 830 | 0 |
_aAdvances in science and technology (Faenza, Italy) ; _v51. |
|
| 856 | 4 | 0 |
_uhttp://site.ebrary.com/lib/rucke/Doc?id=10828905 _zAn electronic book accessible through the World Wide Web; click to view |
| 999 |
_c85414 _d85414 |
||